Top 100 NBA Active Players By Win Share - Statistics

General Stats
  • This quiz has been taken 333 times
    61 since last reset
  • The average score is 61 of 100
Answer Stats
Rank Player Team WS % Correct
1 LeBron James LAL 271.4
100%
4 James Harden LAC 174.7
96%
6 Nikola Jokić DEN 128.0
96%
5 Stephen Curry GSW 143.1
96%
2 Chris Paul SAS 215.1
94%
69 Jaylen Brown BOS 40.5
94%
33 Jayson Tatum BOS 65.4
94%
3 Kevin Durant PHO 175.4
94%
10 Damian Lillard MIL 118.4
92%
35 Draymond Green GSW 64.6
92%
8 Giannis Antetokounmpo MIL 120.8
92%
46 Jeff Green HOU 55.9
92%
7 Jimmy Butler GSW 123.7
92%
17 Kawhi Leonard LAC 102.7
92%
45 Klay Thompson DAL 57.1
92%
44 Luka Dončić LAL 57.1
92%
9 Anthony Davis DAL 118.8
90%
34 Joel Embiid PHI 64.9
90%
21 Kyrie Irving DAL 90.9
90%
22 Paul George PHI 89.5
90%
53 Tristan Thompson CLE 49.3
90%
28 Jrue Holiday BOS 74.6
86%
11 Al Horford BOS 117.2
84%
50 Devin Booker PHO 51.6
84%
73 Jamal Murray DEN 38.1
84%
23 Karl-Anthony Towns NYK 85.1
82%
12 Rudy Gobert MIN 116.2
82%
30 Domantas Sabonis SAC 69.9
80%
56 Kristaps Porziņģis BOS 48.1
80%
15 DeMar DeRozan SAC 108.5
76%
61 Jalen Brunson NYK 45.5
76%
14 Russell Westbrook DEN 112.5
76%
43 Bam Adebayo MIA 57.6
73%
87 De'Aaron Fox SAS 34.0
73%
70 Derrick White BOS 39.7
73%
41 Khris Middleton WAS 57.9
73%
58 Aaron Gordon DEN 47.0
71%
77 Zach LaVine SAC 37.3
71%
68 Eric Gordon PHI 41.9
69%
16 Mike Conley MIN 105.7
69%
83 Ben Simmons LAC 35.4
67%
40 Bradley Beal PHO 58.6
67%
18 DeAndre Jordan DEN 98.8
67%
52 Julius Randle MIN 49.6
67%
38 Shai Gilgeous-Alexander OKC 60.4
67%
64 Trae Young ATL 43.3
67%
20 Brook Lopez MIL 91.9
65%
60 Fred VanVleet HOU 46.1
65%
32 Jarrett Allen CLE 66.8
65%
67 Mikal Bridges NYK 42.0
65%
75 Tyrese Haliburton IND 37.6
65%
93 Andrew Wiggins MIA 33.1
61%
49 Donovan Mitchell CLE 51.9
61%
13 Kyle Lowry PHI 112.6
61%
54 Myles Turner IND 48.7
61%
47 Pascal Siakam IND 55.5
61%
37 Harrison Barnes SAS 61.6
59%
25 Nikola Vučević CHI 79.9
59%
27 Tobias Harris DET 75.4
59%
78 Josh Hart NYK 36.7
57%
84 Mitchell Robinson NYK 35.2
57%
48 C.J. McCollum NOP 52.0
55%
31 Clint Capela ATL 69.6
55%
51 Ivica Zubac LAC 51.3
55%
19 Kevin Love MIA 94.9
53%
94 Lauri Markkanen UTA 33.1
53%
74 Deandre Ayton POR 37.6
51%
55 Kentavious Caldwell-Pope ORL 48.5
51%
26 Andre Drummond PHI 76.6
49%
97 Norman Powell LAC 32.4
49%
57 Dwight Powell DAL 47.9
47%
24 Jonas Valančiūnas SAC 84.6
47%
80 Reggie Jackson PHI 36.3
47%
36 Steven Adams HOU 61.6
47%
98 OG Anunoby NYK 31.4
45%
88 Tyus Jones PHO 33.9
45%
79 Jerami Grant POR 36.6
43%
86 Marcus Smart WAS 34.1
41%
76 Kevon Looney GSW 37.5
39%
99 Daniel Gafford DAL 31.1
37%
29 Nicolas Batum LAC 73.9
37%
72 John Collins UTA 39.2
35%
89 Tim Hardaway Jr. DET 33.8
35%
90 Bobby Portis MIL 33.8
31%
92 Jusuf Nurkić CHO 33.2
31%
91 Malcolm Brogdon WAS 33.4
29%
42 Mason Plumlee PHO 57.8
24%
63 P.J. Tucker NYK 43.3
24%
96 Dennis Schröder DET 32.7
22%
62 Jakob Poeltl TOR 44.2
20%
82 Patty Mills LAC 35.9
18%
81 Spencer Dinwiddie DAL 36.0
18%
66 Joe Ingles MIN 42.0
16%
71 Kyle Anderson MIA 39.4
16%
59 Kelly Olynyk NOP 46.2
14%
39 Taj Gibson CHO 60.2
14%
65 Jae Crowder MIL 43.0
12%
95 Bismack Biyombo SAS 33.1
8%
100 Richaun Holmes WAS 30.7
8%
85 Larry Nance Jr. ATL 34.7
6%
No matching quizzes found
Score Distribution
Percent of People with Each Score
Percentile by Number Answered
Your Score History
You have not taken this quiz since the last reset